Riemannian geometry

Saved in:
Bibliographic Details
Other Authors: Besson, Gerard, Lovric, Miroslav (Editor)
Format: Book
Language:English
Published: Providence, Rhode island : American Mathematical Society, c1996
Series:Fields Institute monographs ; ; 4
Subjects:
Tags: Add Tag
No Tags, Be the first to tag this record!

MARC

LEADER 00000nam a2200000 i 4500
001 1/76028
008 990330s1996 eng d
020 |a 0-8218-0263-1 
035 |l 10049493 
040 |a GR-MY-UA  |b gre  |e aacr 
041 0 |a eng 
082 0 |a 516.373 
245 1 0 |a Riemannian geometry /  |c Gerard Besson...[et.al.]. ; edited by Mirlslav Lovric, Maung Min-Oo, McKenzie Y. K. Wang 
260 |a Providence, Rhode island :   |b American Mathematical Society,   |c c1996 
300 |a xi, 115 p.;  |b ill.;  |c 26 cm. 
490 1 |a Fields institute monographs  |v ; 4 
500 |a Includes bibliographical references 
500 |a Papers from a workshop held Aug. 3-13, 1993, in Waterloo, Canada 
650 0 0 |a Geometry, Riemannian  |x Congresses. 
700 1 |a Besson, Gerard. 
700 1 |a Lovric, Miroslav.  |4 edt 
830 0 |a Fields Institute monographs ;  |v ; 4 
852 |a INST  |b SAMOS  |e 19990330  |h 516.373 RIE  |p 005300013009  |q 005300013009  |t BK  |y 0 
901 |a BIBL-1999-1 
909 |a Σ  |b 064070 
922 |a 3ΕΛΗ  |b 199901  |c ΚΠΣ  |d GLORY